书目信息 |
| 题名: |
轻型钢-轻质墙板结构体系与围护构造
|
|
| 作者: | 周婷 , 陈志华 著 | |
| 分册: | ||
| 出版信息: | 天津 天津大学出版社 2024.11 |
|
| 页数: | 198页 | |
| 开本: | 26cm | |
| 丛书名: | ||
| 单 册: | ||
| 中图分类: | TU241 | |
| 科图分类: | ||
| 主题词: | 轻型钢结构--qing xing gang jie gou--住宅--轻质隔墙板--结构体系 , 轻型钢结构--qing xing gang jie gou--住宅--围护结构 | |
| 电子资源: | ||
| ISBN: | 978-7-5618-7877-4 | |
| 000 | 01681nam0 2200301 450 | |
| 001 | 92811 | |
| 005 | 20250818142159.31 | |
| 010 | @a978-7-5618-7877-4@dCNY46.00 | |
| 099 | @aCAL 012025019851 | |
| 100 | @a20250308d2024 em y0chiy50 ea | |
| 101 | 0 | @achi |
| 102 | @aCN@b120000 | |
| 105 | @aak a 000yy | |
| 106 | @ar | |
| 200 | 1 | @a轻型钢-轻质墙板结构体系与围护构造@Aqing xing gang-qing zhi qiang ban jie gou ti xi yu wei hu gou zao@f周婷, 陈志华著 |
| 210 | @a天津@c天津大学出版社@d2024.11 | |
| 215 | @a198页@c图@d26cm | |
| 300 | @a国家重点研发计划“村镇装配式住宅生态化结构体系研究” | |
| 314 | @a周婷, 天津大学建筑学院, 副教授, 研究方向为建筑力学和建筑结构 ; 陈志华, 天津大学教授, 天津城建大学党委常委、副校长, 研究方向为建筑力学和建筑结构。 | |
| 320 | @a有书目 (第197-198页) | |
| 330 | @a本书分为六个部分, 第一部分对钢结构住宅围护系统进行了概述, 介绍了常用的围护材料及各种围护构件 (如外墙、内墙、楼板和屋面板) 的施工方法。第二部分研究了外墙保温系统的构造与抗震性能, 为提高建筑物的抗震能力提供了理论依据。第三部分探讨了ALC板填充外墙与外保温系统的抗风性能, 为建筑物在风荷载作用下的可靠性提供了科学支持。第四部分关注了ALC板填充内墙构造与抗裂性能的研究, 以提高建筑物的使用寿命和舒适度。第五部分研究了草砖板填充墙构造与抗裂性能, 为选择更适合的围护材料提供了依据。第六部分针对轻木剪力墙围护体系构造与抗震性能进行了探讨, 以期为轻型建筑提供更多的选择。 | |
| 606 | 0 | @a轻型钢结构@Aqing xing gang jie gou@x住宅@x轻质隔墙板@x结构体系 |
| 606 | 0 | @a轻型钢结构@Aqing xing gang jie gou@x住宅@x围护结构 |
| 690 | @aTU241@v5 | |
| 701 | 0 | @a周婷@Azhou ting@4著 |
| 701 | 0 | @a陈志华@Achen zhi hua@4著 |
| 801 | 0 | @aCN@c20250909 |
| 905 | @a河南城建学院图书馆@dTU241@eZ792@f1 | |
| 轻型钢-轻质墙板结构体系与围护构造/周婷, 陈志华著.-天津:天津大学出版社,2024.11 |
| 198页:图;26cm |
| 国家重点研发计划“村镇装配式住宅生态化结构体系研究” |
| ISBN 978-7-5618-7877-4:CNY46.00 |
| 本书分为六个部分, 第一部分对钢结构住宅围护系统进行了概述, 介绍了常用的围护材料及各种围护构件 (如外墙、内墙、楼板和屋面板) 的施工方法。第二部分研究了外墙保温系统的构造与抗震性能, 为提高建筑物的抗震能力提供了理论依据。第三部分探讨了ALC板填充外墙与外保温系统的抗风性能, 为建筑物在风荷载作用下的可靠性提供了科学支持。第四部分关注了ALC板填充内墙构造与抗裂性能的研究, 以提高建筑物的使用寿命和舒适度。第五部分研究了草砖板填充墙构造与抗裂性能, 为选择更适合的围护材料提供了依据。第六部分针对轻木剪力墙围护体系构造与抗震性能进行了探讨, 以期为轻型建筑提供更多的选择。 |
| ● |
| 相关链接 |
|
|
|
正题名:轻型钢-轻质墙板结构体系与围护构造
索取号:TU241/Z792
 
预约/预借
| 序号 | 登录号 | 条形码 | 馆藏地/架位号 | 状态 | 备注 |
| 1 | 1626775 | 216267750 | 建筑库101/101建筑库 59排4列2层/ [索取号:TU241/Z792] | 在馆 |